10 Most Receptions in a Season That Did Not Lead League - Statistics

General Stats
  • This quiz has been taken 12 times
  • The average score is 9 of 11
Answer Stats
Yards Team Year Player % Correct
122 SFF 1995 Jerry Rice
100%
119 DET 2023 Amon-Ra St. Brown
91%
122 MIN 1995 Cris Carter
91%
123 GBP 2021 Davante Adams
91%
119 MIA 2022 Tyreek Hill
91%
119 MIA 2023 Tyreek Hill
91%
118 NEP 2012 Wes Welker
91%
119 STL 1995 Isaac Bruce
73%
118 CHI 2012 Brandon Marshall
55%
116 CAR 2019 Christian McCaffrey
55%
116 PHI 2018 Zach Ertz
36%
No matching quizzes found
Score Distribution
Percent of People with Each Score
Percentile by Number Answered
Your Score History
You have not taken this quiz